Relief of tension, depression & anxiety through spiritual living / (Record no. 13770)

MARC details
000 -LEADER
fixed length control field 00810nam a22002177a 4500
005 - DATE AND TIME OF LATEST TRANSACTION
control field 20080618102431.0
008 - FIXED-LENGTH DATA ELEMENTS--GENERAL INFORMATION
fixed length control field 080618t xxu||||| |||| 00| 0 eng d
010 ## - LIBRARY OF CONGRESS CONTROL NUMBER
LC control number ENG-90372
020 ## - INTERNATIONAL STANDARD BOOK NUMBER
International Standard Book Number 8175052988
Terms of availability 50.00
035 ## - SYSTEM CONTROL NUMBER
System control number EN-73905
037 ## - SOURCE OF ACQUISITION
Source of stock number/acquisition DBAD / PUB
040 ## - CATALOGING SOURCE
Original cataloging agency DPL
Language of cataloging EN
082 ## - DEWEY DECIMAL CLASSIFICATION NUMBER
Classification number 181.46
100 ## - MAIN ENTRY--PERSONAL NAME
Personal name Tathagatananda, Swami
245 ## - TITLE STATEMENT
Title Relief of tension, depression & anxiety through spiritual living /
Statement of responsibility, etc by Swami Tathagatananda
260 ## - PUBLICATION, DISTRIBUTION, ETC. (IMPRINT)
Place of publication, distribution, etc Kolkata
Name of publisher, distributor, etc Advaita Ashrama
Date of publication, distribution, etc 2008
270 ## - ADDRESS
Address 5 Dehi Entally Raod,
City Kolkata
Postal code 700014
300 ## - PHYSICAL DESCRIPTION
Extent 240p.
Dimensions 23 cm (pbk)
942 ## - ADDED ENTRY ELEMENTS (KOHA)
Koha item type English Books
Classification part 181.46
Source of classification or shelving scheme Dewey Decimal Classification
Call number suffix TAT
Holdings
Withdrawn status Lost status Damaged status Not for loan Collection code Home library Current library Date acquired Source of acquisition Cost, normal purchase price Total Checkouts Full call number Barcode Date last seen Copy number Cost, replacement price Price effective from Koha item type
      Not For Loan Non-fiction D.B.Act.Division D.B.Act.Division 18/06/2008 DBAD / PUB 50.00   181.46 TAT EN-73905 15/09/2008 1 50.00 15/09/2008 English Books

© Delhi Public Library
Hit Counter
free hit counter